| 000 | 00517nam a2200181Ia 4500 | ||
|---|---|---|---|
| 999 |
_c36302 _d36302 |
||
| 003 | OSt | ||
| 005 | 20201214121341.0 | ||
| 008 | 190216s9999||||xx |||||||||||||| ||und|| | ||
| 020 | _a0862729106 | ||
| 040 | _coclc | ||
| 082 |
_a612 _bAVI/I |
||
| 100 |
_aAvison, Brigid _97446 |
||
| 245 | 0 |
_aI Wonder Why My Tummy Rumbles / _cBrigid Avison |
|
| 260 |
_bKingfisher Books, _c1993. _aLondon: |
||
| 300 | _a32p | ||
| 650 | _aMedical Sciences Medicine | ||
| 942 |
_cREF _2ddc _h612 _iAVI/I _k612 _mAVI/I |
||